[Event "Moia op 2nd"]
[Site "Moia"]
[Date "2013.11.15"]
[Round "8"]
[White "Pare Bernado, Jordi"]
[Black "Izquierdo Fuster, Joan"]
[Result "1/2-1/2"]
[WhiteElo "1700"]
[BlackElo "1189"]
[PlyCount "32"]
[EventDate "2013.09.20"]
[EventType "swiss"]
[EventRounds "8"]
[EventCountry "ESP"]
[SourceTitle "EXT 2015"]
[Source "ChessBase"]
[SourceDate "2014.11.20"]
[SourceVersion "1"]
[SourceVersionDate "2014.11.20"]
[SourceQuality "1"]

1. e4 e5 2. Nf3 Nc6 3. Bc4 Be7 4. d3 h6 5. Nc3 Nf6 6. a3 d6 7. 0-0 0-0 8. h3 Bd7 9. Be3 Na5 10. Bb5 c6 11. Bc4 b5 12. Bb3 Nxb3 13. cxb3 c5 14. b4 Qc8 15. Rc1 Qc6 16. Re1 Be6 1/2-1/2

[Event "Moia op 2nd"]
[Site "Moia"]
[Date "2013.09.27"]
[Round "2"]
[White "Pare Bernado, Jordi"]
[Black "Bermejo Piquel, Antonio"]
[Result "0-1"]
[WhiteElo "1700"]
[BlackElo "1454"]
[PlyCount "36"]
[EventDate "2013.09.20"]
[EventType "swiss"]
[EventRounds "8"]
[EventCountry "ESP"]
[SourceTitle "EXT 2015"]
[Source "ChessBase"]
[SourceDate "2014.11.20"]
[SourceVersion "1"]
[SourceVersionDate "2014.11.20"]
[SourceQuality "1"]

1. e4 e6 2. d4 d5 3. exd5 exd5 4. Nc3 Nf6 5. Nf3 c5 6. Be3 Qb6 7. Rb1 Nc6 8. dxc5 Bxc5 9. Bxc5 Qxc5 10. Qe2+ Be6 11. Qb5 Qe7 12. Ne5 Bd7 13. Qxb7 Qxe5+ 14. Be2 0-0 15. Rd1 d4 16. Nb5 Rfe8 17. Rd2 Rab8 18. Qc7 Rxb5 0-1

[Event "Moia op 2nd"]
[Site "Moia"]
[Date "2013.09.20"]
[Round "1"]
[White "Roca Codina, Josep"]
[Black "Pare Bernado, Jordi"]
[Result "1-0"]
[WhiteElo "1701"]
[BlackElo "1700"]
[PlyCount "33"]
[EventDate "2013.09.20"]
[EventType "swiss"]
[EventRounds "8"]
[EventCountry "ESP"]
[SourceTitle "EXT 2015"]
[Source "ChessBase"]
[SourceDate "2014.11.20"]
[SourceVersion "1"]
[SourceVersionDate "2014.11.20"]
[SourceQuality "1"]

1. Nf3 d5 2. d4 Nc6 3. e3 a6 4. a3 Nf6 5. Bd3 e6 6. 0-0 Bd6 7. Nbd2 0-0 8. b3 Re8 9. Bb2 h6 10. Ne5 Bd7 11. f4 Qe7 12. Kh1 Bxe5 13. fxe5 Ng4 14. Qxg4 Rad8 15. Rf3 Qg5 16. Qh3 Ne7 17. Rg3 1-0